1407 1444 1187 1410 1503 1151 1236 1899 1147 1078 1563 1794 1816 1967 1066 1301 1278 1215 1601 1609 1168 1718 1670 1189 1752 1934 1241 1021 1870 1710 1851 1409 1756 1595 1250 1461 1965 1824 1794 1452 1280 1860 1111 1580 1871 1917 1301 1851 1952 1414 1650 1620 1052 1248 1455 1392 1084 1258 1134 1177 1128 1727 1421 1487 1022 1573 1776 1286 1635 1675 1234 1827 1319 1516 1923 1458 1788 1480 1763 1580 1868 1458 1345 1471 1278 1071 1212 1832 1983 1985 1040 1957 1628 1036 1405 1176 1770 1916 1377 BCNSPRNW ULIB Ver.6.0+V

เปลี่ยนเป็นภาษาไทย

Change to English
 แสดงรายละเอียดบรรณานุกรม
  กลับหน้าหลัก

Brief Record : Get Marc (ISO 2709) : E-mail record : QR code < ปิดหน้าต่าง
LEADER : 00000nam 2200000uu 4500
001    13399124049
003     ULIB
008    150106s2555||||th 000 0 tha d
020    ^a9786163056443
060  4 ^aWQ200^bค181
245 00 ^aความก้าวหน้าทางเวชศาสตร์การเจริญพันธุ์ /^cราชวิทยาลัยสูตินรีแพทย์แห่งประเทศไทย ; สุภักดี จุลวิจิตรพงษ์ บรรณาธิการ
260    ^aกรุงเทพฯ :^bราชวิทยาลัยสูตินรีแพทย์แห่งประเทศไทย,^c2555
300    ^a470 หน้า :^bภาพประกอบ
505 0  ^a^tการตรวจประเมินและหลักการดูแลรักษาภาวะมีบุตรยาก - -^tการกระตุ้นรังไข่สำหรับการรักษาด้วยวิธีปฏิสนธินอกร่างกาย - -^tกลุ่มอาการรังไข่ตอบสนองการกระตุ้นมากเกินไป - -^tเมตาโบลิซึมและการพัฒนาของตัวอ่อนระยะก่อนฝังตัว - -^tการตรวจวินิจฉัยทางพันธุกรรมก่อนการฝังตัวอ่อน -- ^tภาวะเลือดออกผิดออกปกติจากโพรงมดลูก - -^tการดูแลและบำบัดภาวะ PCOS - -^tภาวะเยื่อบุโพรงมดลูกเจริญผิดที่กับการมีบุตรยาก - -^tการใช้ยารักษาภาวะเยื่อบุโพรงมดลูกเจริญผิดที่ - -^tการผ่าตัดรักษาภาวะเยื่อบุมดลูกผ่านปากมดลูก - -^tการดูแลรักษาและป้องกันภาวะแทรกซ้อนจากการผ่าตัดผ่านกล้องทางนรีเวช - -^tการรักษาด้วยฮอร์โมนในสตรีวัยหมดระดู - -^tการรักษาอาการวัยทองโดยไม่ใช้ยาฮอร์โมน - -^tโรคกระดูกพรุนและวัยหมดระดู - -^tปัญหาด้าน cardio-metabolic ในวัยหมดระดู - -^tนวัตกรรมในการคุมกำเนิดด้วยฮอร์โมน - -^tการวางแผนครอบครัวและการคุมกำเนิดในสตรีที่มีโรคประจำตัว - -^tเอชไอวีและสตรีตั้งครรภ์ - -^tการติดเชื้อเอชไอวีกับเทคโนโลยีช่วยการเจริญพันธุ์ - -^tไวรัสตับอักเสบซีและการช่วยเจริญพันธุ์ - -^tเซลล์ต้นกำเนิดเพื่อการบำบัดโรคทางการแพทย์ - -^tชีวจริยศาสตร์ด้านเทคโนโลยีช่วยการเจริญพันธุ์ - -^tกฎหมายอนามัยการเจริญพันธุ์ - -^tนโยบายและยุทธศาสตร์การพัฒนาอนามัยการเจริญพันธุ์แห่งชาติ
650  7 ^aอนามัยเจริญพันธุ์
650  7 ^aนรีเวชวิทยา
650  7 ^aสูติศาสตร์
700 0  ^aสุภักดี จุลวิจิตรพงษ์,^eบรรณาธิการ
710 1  ^aราชวิทยาลัยสูตินรีแพทย์แห่งประเทศไทย
945    ^p950^l0^i037957
945    ^p950^l0^i037958
945    ^p950^l0^i037959
945    ^p950^l0^i037960
945    ^p950^l0^i037961
999    ^aเกษร โพธิ์สุวรรณ
รายการนี้ยังไม่มีแท็ก
คุณยังไม่ได้ล็อกอิน คุณสามารถมีกิจกรรมร่วมกับเว็บไซต์ได้ แต่ต้องล็อกอินก่อน ::
  ล็อกอิน

รายการสื่อสารสนเทศ

ลำดับที่ ประเภท เลขเรียก/บาร์โค้ด สถานที่ สถานะ
1. วิทยาศาสตร์การแพทย์ และสุขภาพ
หนังสือสำรอง
สถานะ=หนังสือสำรอง
WQ200 ค181 ฉ.1 
  Barcode: 037957
ห้องสมุดวิทยาเขตสวรรค์ประชารักษ์
►ส่วนจัดเก็บหนังสือเก่า สปร
บนชั้น
  ขอยืม
2. วิทยาศาสตร์การแพทย์ และสุขภาพ
วิทยาศาสตร์การแพทย์ และสุขภาพ
WQ200 ค181 ฉ.2 
  Barcode: 037958
ห้องสมุดวิทยาเขตสวรรค์ประชารักษ์
►ส่วนจัดเก็บหนังสือเก่า สปร
บนชั้น
  ขอยืม
3. วิทยาศาสตร์การแพทย์ และสุขภาพ
วิทยาศาสตร์การแพทย์ และสุขภาพ
WQ200 ค181 ฉ.3 
  Barcode: 037959
ห้องสมุดวิทยาเขตสวรรค์ประชารักษ์
►ส่วนจัดเก็บหนังสือเก่า สปร
บนชั้น
  ขอยืม
4. วิทยาศาสตร์การแพทย์ และสุขภาพ
วิทยาศาสตร์การแพทย์ และสุขภาพ
WQ200 ค181 ฉ.4 
  Barcode: 037960
ห้องสมุดวิทยาเขตสวรรค์ประชารักษ์
►ส่วนจัดเก็บหนังสือเก่า สปร
บนชั้น
  ขอยืม
5. วิทยาศาสตร์การแพทย์ และสุขภาพ
วิทยาศาสตร์การแพทย์ และสุขภาพ
WQ200 ค181 ฉ.5 
  Barcode: 037961
ห้องสมุดวิทยาเขตสวรรค์ประชารักษ์
►ส่วนจัดเก็บหนังสือเก่า สปร
บนชั้น
  ขอยืม

รายการใกล้เคียง
    หัวเรื่อง [อนามัยเจริญพันธุ์]
    หัวเรื่อง [นรีเวชวิทยา]
    หัวเรื่อง [สูติศาสตร์]

BibComment


ยังไม่เคยถูกคอมเมนท์

คอมเมนท์ทรัพยากรรายการนี้
  คอมเมนท์: ความก้าวหน้าทางเ..


 Copyright 2026. Bcnsprnw @Library